000 00544nam a22002177a 4500
999 _c458753
_d458753
001 5150503
003 UA-OsUOA
005 20200408102144.0
008 200408b un ||||| |||| 00| 0 ukr d
040 _aUA-OsUOA
_bukr
_cUA-OsUOA
_dUA-OsUOA
041 _aukr
080 _a821.161.1
090 _a821.161.1
_bГ61
100 _aГоловатый Г
245 _aВремена жизни
_bстихи
260 _aСимферополь
_bТаврия
_c1982
300 _a60 с.
650 _2821
942 _2udc
_cBK
955 _a3